[Event "45th FIDE Chess Olympiad Open"]
[Site "Budapest, Hungary"]
[Date "2024.09.21"]
[Round "10"]
[White "Motlomelo, Lihloela"]
[Black "Pedro Manuel Envo Engonga Avomo"]
[Result "1-0"]
[Board "292"]
[WhiteFideId "21301948"]
[BlackFideId "22900152"]
[WhiteElo "1696"]
[BlackElo "1702"]
[WhiteTeam "Lesotho"]
[BlackTeam "Equatorial Guinea"]
[WhiteClock "0:05:53"]
[BlackClock "0:01:31"]
[Variant "Standard"]

1. e4 {[%clk 1:30:01]}  c5 {[%clk 1:30:38]} 2. Nf3 {[%clk 1:30:25]}  e6 {[%clk 1:22:18]} 3. d4 {[%clk 1:28:28]}  cxd4 {[%clk 1:22:26]} 4. Nxd4 {[%clk 1:28:50]}  Qb6 {[%clk 1:22:36]} 5. Nb3 {[%clk 1:24:56]}  Nf6 {[%clk 1:16:16]} 6. Bd3 {[%clk 1:23:42]}  Nc6 {[%clk 1:08:34]} 7. Be3 {[%clk 1:22:13]}  Qc7 {[%clk 1:07:55]} 8. Nc3 {[%clk 1:20:25]}  Bb4 {[%clk 1:07:17]} 9. Bd2 {[%clk 1:15:24]}  a6 {[%clk 1:03:14]} 10. Qe2 {[%clk 1:10:45]}  Ne5 {[%clk 0:57:33]} 11. h3 {[%clk 1:05:26]}  h5 {[%clk 0:57:29]} 12. O-O-O {[%clk 1:05:11]}  Nxd3+ {[%clk 0:48:38]} 13. Qxd3 {[%clk 0:57:17]}  b6 {[%clk 0:48:42]} 14. f3 {[%clk 0:52:48]}  Bb7 {[%clk 0:47:54]} 15. a3 {[%clk 0:52:38]}  Bd6 {[%clk 0:46:38]} 16. g4 {[%clk 0:51:33]}  h4 {[%clk 0:41:08]} 17. Rhf1 {[%clk 0:47:11]}  Bf4 {[%clk 0:38:05]} 18. Ne2 {[%clk 0:46:02]}  Bxd2+ {[%clk 0:37:24]} 19. Rxd2 {[%clk 0:45:20]}  O-O-O {[%clk 0:35:48]} 20. g5 {[%clk 0:41:02]}  Nh5 {[%clk 0:30:25]} 21. f4 {[%clk 0:40:51]}  g6 {[%clk 0:30:15]} 22. e5 {[%clk 0:37:06]}  Kb8 {[%clk 0:26:56]} 23. Rfd1 {[%clk 0:34:54]}  Ka7 {[%clk 0:24:46]} 24. Qe3 {[%clk 0:34:31]}  Ng7 {[%clk 0:24:18]} 25. Nbd4 {[%clk 0:29:16]}  Rc8 {[%clk 0:19:41]} 26. Nc3 {[%clk 0:29:31]}  Nf5 {[%clk 0:19:42]} 27. Nxf5 {[%clk 0:27:59]}  gxf5 {[%clk 0:18:33]} 28. Rxd7 {[%clk 0:27:45]}  Qc6 {[%clk 0:18:13]} 29. Kb1 {[%clk 0:15:49]}  Rc7 {[%clk 0:11:56]} 30. Rxc7 {[%clk 0:13:24]}  Qxc7 {[%clk 0:12:19]} 31. Rd6 {[%clk 0:12:10]}  Rd8 {[%clk 0:09:39]} 32. Qd4 {[%clk 0:09:52]}  Rc8 {[%clk 0:06:38]} 33. g6 {[%clk 0:08:49]}  fxg6 {[%clk 0:04:24]} 34. Rxe6 {[%clk 0:09:09]}  Bg2 {[%clk 0:04:37]} 35. Rd6 {[%clk 0:08:16]}  Bc6 {[%clk 0:02:52]} 36. Rxg6 {[%clk 0:06:23]}  Kb7 {[%clk 0:02:48]} 37. Rd6 {[%clk 0:05:54]}  Rg8 {[%clk 0:02:08]} 38. Nd5 {[%clk 0:05:34]}  Bxd5 {[%clk 0:01:31]} 39. Qxd5+ {[%clk 0:05:53]} 1-0

[Event "45th FIDE Chess Olympiad Open"]
[Site "Budapest, Hungary"]
[Date "2024.09.21"]
[Round "10"]
[White "Houssein, Mohamed Bilal"]
[Black "Koniahli, Malek"]
[Result "0-1"]
[Board "293"]
[WhiteFideId "32504241"]
[BlackFideId "7603495"]
[BlackTitle "FM"]
[WhiteElo "1870"]
[BlackElo "2282"]
[WhiteTeam "Djibouti"]
[BlackTeam "Syria"]
[WhiteClock "0:17:21"]
[BlackClock "0:55:08"]
[Variant "Standard"]

1. e4 {[%clk 1:30:58]}  c5 {[%clk 1:30:37]} 2. Nf3 {[%clk 1:31:24]}  e6 {[%clk 1:31:02]} 3. d4 {[%clk 1:31:49]}  cxd4 {[%clk 1:31:28]} 4. Nxd4 {[%clk 1:32:15]}  a6 {[%clk 1:31:55]} 5. Bd3 {[%clk 1:32:28]}  Bc5 {[%clk 1:31:59]} 6. Nb3 {[%clk 1:32:51]}  Ba7 {[%clk 1:32:16]} 7. Qe2 {[%clk 1:33:06]}  Nc6 {[%clk 1:32:23]} 8. Be3 {[%clk 1:32:51]}  Bxe3 {[%clk 1:31:18]} 9. Qxe3 {[%clk 1:33:11]}  Nf6 {[%clk 1:31:37]} 10. Nc3 {[%clk 1:33:30]}  O-O {[%clk 1:31:54]} 11. O-O-O {[%clk 1:33:07]}  e5 {[%clk 1:26:00]} 12. f3 {[%clk 1:20:58]}  b5 {[%clk 1:24:55]} 13. g4 {[%clk 1:21:04]}  d6 {[%clk 1:23:48]} 14. h4 {[%clk 1:20:56]}  Be6 {[%clk 1:18:55]} 15. h5 {[%clk 1:18:53]}  b4 {[%clk 1:14:13]} 16. Nd5 {[%clk 1:15:55]}  Bxd5 {[%clk 1:09:39]} 17. exd5 {[%clk 1:16:15]}  Ne7 {[%clk 1:10:03]} 18. Be4 {[%clk 1:14:46]}  Nd7 {[%clk 1:09:09]} 19. g5 {[%clk 1:11:55]}  Qb6 {[%clk 1:02:45]} 20. Qd3 {[%clk 1:10:14]}  f5 {[%clk 0:57:41]} 21. gxf6 {[%clk 1:09:13]}  Nxf6 {[%clk 0:58:06]} 22. Rdg1 {[%clk 0:58:04]}  Rf7 {[%clk 0:55:21]} 23. Rg3 {[%clk 0:49:10]}  Kh8 {[%clk 0:54:14]} 24. Bg6 {[%clk 0:45:00]}  Rff8 {[%clk 0:54:33]} 25. Rhg1 {[%clk 0:42:12]}  Nexd5 {[%clk 0:48:44]} 26. Kb1 {[%clk 0:36:50]}  Nf4 {[%clk 0:47:52]} 27. Qd2 {[%clk 0:36:14]}  N6xh5 {[%clk 0:37:07]} 28. Bxh5 {[%clk 0:27:59]}  Nxh5 {[%clk 0:37:31]} 29. Rg5 {[%clk 0:25:49]}  Ra7 {[%clk 0:35:10]} 30. Qh2 {[%clk 0:24:18]}  g6 {[%clk 0:35:02]} 31. Nd2 {[%clk 0:23:31]}  Raf7 {[%clk 0:32:54]} 32. Rh1 {[%clk 0:19:18]}  Qe3 {[%clk 0:32:10]} 33. Rgg1 {[%clk 0:18:58]}  Qf4 {[%clk 0:31:58]} 34. Qg2 {[%clk 0:17:46]}  a5 {[%clk 0:31:15]} 35. b3 {[%clk 0:17:10]}  d5 {[%clk 0:31:00]} 36. Rh3 {[%clk 0:15:08]}  Qd4 {[%clk 0:30:17]} 37. Rhh1 {[%clk 0:10:05]}  Nf4 {[%clk 0:29:55]} 38. Qh2 {[%clk 0:09:25]}  Rc8 {[%clk 0:29:46]} 39. Rc1 {[%clk 0:09:19]}  Rfc7 {[%clk 0:26:57]} 40. Rhd1 {[%clk 0:07:28]}  Nd3 {[%clk 0:24:32]} 41. Nc4 {[%clk 0:28:58]}  dxc4 {[%clk 0:54:31]} 42. cxd3 {[%clk 0:28:53]}  cxd3 {[%clk 0:54:48]} 43. Rxc7 {[%clk 0:18:38]}  Rxc7 {[%clk 0:55:14]} 44. Qb2 {[%clk 0:17:21]}  Rc3 {[%clk 0:55:08]} 0-1

[Event "45th FIDE Chess Olympiad Open"]
[Site "Budapest, Hungary"]
[Date "2024.09.21"]
[Round "10"]
[White "Halwani,Talal."]
[Black "Omar, Aden Omar"]
[Result "1-0"]
[Board "294"]
[WhiteFideId "7600410"]
[BlackFideId "32502125"]
[WhiteElo "2264"]
[BlackElo "1779"]
[WhiteTeam "Syria"]
[BlackTeam "Djibouti"]
[WhiteClock "0:48:10"]
[BlackClock "0:27:14"]
[Variant "Standard"]

1. c4 {[%clk 1:30:37]}  Nf6 {[%clk 1:30:27]} 2. d4 {[%clk 1:30:25]}  e6 {[%clk 1:28:08]} 3. Nc3 {[%clk 1:30:10]}  d5 {[%clk 1:27:50]} 4. cxd5 {[%clk 1:30:23]}  exd5 {[%clk 1:26:49]} 5. Bg5 {[%clk 1:30:44]}  c6 {[%clk 1:23:35]} 6. e3 {[%clk 1:30:45]}  Bd6 {[%clk 1:21:57]} 7. Bd3 {[%clk 1:30:51]}  Nbd7 {[%clk 1:19:59]} 8. Qc2 {[%clk 1:29:10]}  h6 {[%clk 1:15:21]} 9. Bh4 {[%clk 1:29:31]}  Qc7 {[%clk 1:09:26]} 10. Nge2 {[%clk 1:22:14]}  O-O {[%clk 1:06:46]} 11. O-O-O {[%clk 1:21:14]}  a5 {[%clk 1:01:19]} 12. g4 {[%clk 1:14:35]}  Kh8 {[%clk 0:55:56]} 13. Rdg1 {[%clk 1:08:44]}  a4 {[%clk 0:46:21]} 14. g5 {[%clk 1:07:46]}  Ng8 {[%clk 0:45:38]} 15. gxh6 {[%clk 1:06:40]}  Nxh6 {[%clk 0:45:36]} 16. Bg5 {[%clk 1:05:39]}  b5 {[%clk 0:43:32]} 17. Nf4 {[%clk 1:05:14]}  Rg8 {[%clk 0:41:16]} 18. Nh5 {[%clk 0:59:43]}  Bf8 {[%clk 0:38:16]} 19. Bxh6 {[%clk 0:54:00]}  gxh6 {[%clk 0:38:12]} 20. Rxg8+ {[%clk 0:54:25]}  Kxg8 {[%clk 0:38:25]} 21. Rg1+ {[%clk 0:54:45]}  Kh8 {[%clk 0:33:35]} 22. Bh7 {[%clk 0:51:29]}  f5 {[%clk 0:27:14]} 23. Qxf5 {[%clk 0:48:10]} 1-0

[Event "45th FIDE Chess Olympiad Open"]
[Site "Budapest, Hungary"]
[Date "2024.09.21"]
[Round "10"]
[White "Mohamed Ali Dima"]
[Black "Allatif, Kinan"]
[Result "0-1"]
[Board "295"]
[WhiteFideId "32500173"]
[BlackFideId "7603673"]
[WhiteElo "1761"]
[BlackElo "1881"]
[WhiteTeam "Djibouti"]
[BlackTeam "Syria"]
[WhiteClock "0:17:07"]
[BlackClock "0:33:54"]
[Variant "Standard"]

1. e4 {[%clk 1:30:57]}  c6 {[%clk 1:30:44]} 2. d4 {[%clk 1:31:15]}  d5 {[%clk 1:31:10]} 3. Nc3 {[%clk 1:30:21]}  dxe4 {[%clk 1:31:17]} 4. Nxe4 {[%clk 1:30:48]}  Nf6 {[%clk 1:31:40]} 5. Nxf6+ {[%clk 1:29:04]}  exf6 {[%clk 1:32:02]} 6. Nf3 {[%clk 1:29:07]}  Bd6 {[%clk 1:32:13]} 7. Be2 {[%clk 1:27:07]}  O-O {[%clk 1:32:13]} 8. h3 {[%clk 1:23:17]}  Bf5 {[%clk 1:29:12]} 9. Nh4 {[%clk 1:21:42]}  Be4 {[%clk 1:22:10]} 10. Bd3 {[%clk 1:16:30]}  Bb4+ {[%clk 1:15:27]} 11. c3 {[%clk 1:16:30]}  Qxd4 {[%clk 1:14:46]} 12. cxb4 {[%clk 1:04:08]}  Bxd3 {[%clk 1:13:12]} 13. Be3 {[%clk 0:48:44]}  Qxb2 {[%clk 0:56:15]} 14. Qxd3 {[%clk 0:42:04]}  Qxa1+ {[%clk 0:55:35]} 15. Qd1 {[%clk 0:42:32]}  Qxd1+ {[%clk 0:55:22]} 16. Kxd1 {[%clk 0:43:01]}  Nd7 {[%clk 0:55:31]} 17. Kc2 {[%clk 0:42:54]}  Nb6 {[%clk 0:54:22]} 18. Kb3 {[%clk 0:42:08]}  Nd5 {[%clk 0:54:24]} 19. Bc5 {[%clk 0:41:22]}  Rfe8 {[%clk 0:54:37]} 20. Nf5 {[%clk 0:40:51]}  b6 {[%clk 0:53:05]} 21. Bd6 {[%clk 0:40:58]}  Rad8 {[%clk 0:52:59]} 22. Bg3 {[%clk 0:40:19]}  g6 {[%clk 0:51:24]} 23. Nd6 {[%clk 0:38:21]}  Re6 {[%clk 0:49:01]} 24. Nc4 {[%clk 0:38:23]}  Re4 {[%clk 0:48:09]} 25. a3 {[%clk 0:38:07]}  Nf4 {[%clk 0:47:58]} 26. Rc1 {[%clk 0:33:19]}  Rd3+ {[%clk 0:45:44]} 27. Kb2 {[%clk 0:29:55]}  Ne2 {[%clk 0:44:05]} 28. Rc2 {[%clk 0:29:27]}  Nxg3 {[%clk 0:44:06]} 29. fxg3 {[%clk 0:29:54]}  Rxg3 {[%clk 0:44:15]} 30. Nd6 {[%clk 0:29:56]}  Rd4 {[%clk 0:42:37]} 31. Nc8 {[%clk 0:28:40]}  Rdd3 {[%clk 0:42:21]} 32. Nxa7 {[%clk 0:26:58]}  Rb3+ {[%clk 0:40:28]} 33. Kc1 {[%clk 0:27:15]}  c5 {[%clk 0:38:23]} 34. Nc8 {[%clk 0:19:29]}  Rxa3 {[%clk 0:37:04]} 35. bxc5 {[%clk 0:19:43]}  bxc5 {[%clk 0:37:22]} 36. Ne7+ {[%clk 0:19:43]}  Kg7 {[%clk 0:35:45]} 37. Nd5 {[%clk 0:18:35]}  c4 {[%clk 0:33:49]} 38. Nb6 {[%clk 0:17:07]}  Rac3 {[%clk 0:33:54]} 0-1

[Event "45th FIDE Chess Olympiad Open"]
[Site "Budapest, Hungary"]
[Date "2024.09.21"]
[Round "10"]
[White "Pg, Md Omar Ak Hafizon"]
[Black "Drayton, Anthony"]
[Result "1-0"]
[Board "297"]
[WhiteFideId "10500499"]
[BlackFideId "19700261"]
[WhiteTitle "CM"]
[BlackTitle "FM"]
[WhiteElo "2159"]
[BlackElo "1964"]
[WhiteTeam "Brunei Darussalam"]
[BlackTeam "Guyana"]
[WhiteClock "0:53:01"]
[BlackClock "0:47:51"]
[Variant "Standard"]

1. e4 {[%clk 1:30:59]}  c5 {[%clk 1:30:31]} 2. Nf3 {[%clk 1:31:24]}  Nc6 {[%clk 1:30:57]} 3. Bb5 {[%clk 1:31:46]}  e6 {[%clk 1:31:20]} 4. O-O {[%clk 1:31:31]}  a6 {[%clk 1:31:37]} 5. Bxc6 {[%clk 1:31:55]}  bxc6 {[%clk 1:32:03]} 6. d3 {[%clk 1:31:27]}  d5 {[%clk 1:32:24]} 7. c4 {[%clk 1:31:41]}  Nf6 {[%clk 1:31:44]} 8. Nc3 {[%clk 1:24:42]}  Be7 {[%clk 1:26:47]} 9. b3 {[%clk 1:22:18]}  Bb7 {[%clk 1:24:17]} 10. Ba3 {[%clk 1:21:25]}  Qa5 {[%clk 1:23:09]} 11. Bb2 {[%clk 1:18:04]}  Rd8 {[%clk 1:23:11]} 12. Qc2 {[%clk 1:17:39]}  Qc7 {[%clk 1:23:10]} 13. Rfe1 {[%clk 1:15:08]}  O-O {[%clk 1:21:59]} 14. Ne2 {[%clk 1:14:55]}  d4 {[%clk 1:21:25]} 15. e5 {[%clk 1:12:54]}  Nd7 {[%clk 1:20:52]} 16. Nf4 {[%clk 1:12:00]}  g5 {[%clk 1:09:45]} 17. Nh5 {[%clk 1:10:16]}  g4 {[%clk 1:09:19]} 18. Qd2 {[%clk 1:06:40]}  Kh8 {[%clk 1:09:40]} 19. Ng5 {[%clk 1:03:29]}  Nxe5 {[%clk 1:07:05]} 20. Bc1 {[%clk 1:01:13]}  Ng6 {[%clk 0:57:15]} 21. Nxh7 {[%clk 1:00:00]}  Nh4 {[%clk 0:50:24]} 22. Nxf8 {[%clk 0:57:19]}  Bxf8 {[%clk 0:50:41]} 23. Qg5 {[%clk 0:55:39]}  Nf5 {[%clk 0:50:25]} 24. Bf4 {[%clk 0:54:32]}  Bd6 {[%clk 0:48:56]} 25. Bxd6 {[%clk 0:52:57]}  Rxd6 {[%clk 0:48:07]} 26. Qf6+ {[%clk 0:52:54]}  Kh7 {[%clk 0:47:51]} 27. Re5 {[%clk 0:53:01]} 1-0

[Event "45th FIDE Chess Olympiad Open"]
[Site "Budapest, Hungary"]
[Date "2024.09.21"]
[Round "10"]
[White "Nathoo, Loris"]
[Black "Yee, Soon Wei"]
[Result "1-0"]
[Board "298"]
[WhiteFideId "19700083"]
[BlackFideId "10500553"]
[BlackTitle "FM"]
[WhiteElo "1788"]
[BlackElo "2219"]
[WhiteTeam "Guyana"]
[BlackTeam "Brunei Darussalam"]
[WhiteClock "0:08:58"]
[BlackClock "0:20:18"]
[Variant "Standard"]

1. d4 {[%clk 1:30:58]}  Nf6 {[%clk 1:29:57]} 2. Bf4 {[%clk 1:31:10]}  g6 {[%clk 1:29:31]} 3. Nf3 {[%clk 1:31:04]}  Bg7 {[%clk 1:29:41]} 4. c3 {[%clk 1:31:26]}  O-O {[%clk 1:28:47]} 5. Nbd2 {[%clk 1:31:07]}  d6 {[%clk 1:28:30]} 6. e4 {[%clk 1:30:16]}  c5 {[%clk 1:24:09]} 7. dxc5 {[%clk 1:22:26]}  dxc5 {[%clk 1:24:09]} 8. h3 {[%clk 1:22:10]}  b6 {[%clk 1:15:47]} 9. Qa4 {[%clk 1:18:09]}  Bb7 {[%clk 1:13:52]} 10. Rd1 {[%clk 1:14:39]}  Qc8 {[%clk 1:12:05]} 11. Bd3 {[%clk 1:01:57]}  a6 {[%clk 1:11:57]} 12. Bb1 {[%clk 0:55:56]}  b5 {[%clk 1:09:05]} 13. Qc2 {[%clk 0:56:19]}  Nbd7 {[%clk 1:08:33]} 14. c4 {[%clk 0:46:27]}  e5 {[%clk 0:52:49]} 15. Be3 {[%clk 0:36:13]}  Nh5 {[%clk 0:52:16]} 16. O-O {[%clk 0:31:05]}  b4 {[%clk 0:47:20]} 17. Rfe1 {[%clk 0:29:00]}  f5 {[%clk 0:44:05]} 18. exf5 {[%clk 0:27:36]}  gxf5 {[%clk 0:44:29]} 19. g4 {[%clk 0:26:54]}  e4 {[%clk 0:36:03]} 20. Ng5 {[%clk 0:25:17]}  f4 {[%clk 0:28:48]} 21. Ndxe4 {[%clk 0:20:53]}  fxe3 {[%clk 0:28:40]} 22. Rxe3 {[%clk 0:17:58]}  Bd4 {[%clk 0:23:19]} 23. Nd6 {[%clk 0:17:46]}  Nhf6 {[%clk 0:21:31]} 24. Nxc8 {[%clk 0:17:54]}  Raxc8 {[%clk 0:21:03]} 25. Nxh7 {[%clk 0:14:27]}  Bxe3 {[%clk 0:19:19]} 26. Qg6+ {[%clk 0:12:22]}  Kh8 {[%clk 0:19:36]} 27. Nxf8 {[%clk 0:11:23]}  Bxf2+ {[%clk 0:18:23]} 28. Kxf2 {[%clk 0:10:57]}  Rxf8 {[%clk 0:18:48]} 29. Kg1 {[%clk 0:09:43]}  Bc6 {[%clk 0:18:58]} 30. g5 {[%clk 0:09:08]}  Ne5 {[%clk 0:19:26]} 31. Qh6+ {[%clk 0:09:07]}  Kg8 {[%clk 0:19:51]} 32. gxf6 {[%clk 0:09:10]}  Nf3+ {[%clk 0:20:18]} 33. Kf2 {[%clk 0:08:58]} 1-0

[Event "45th FIDE Chess Olympiad Open"]
[Site "Budapest, Hungary"]
[Date "2024.09.21"]
[Round "10"]
[White "Lim Teck Guan,Rodney"]
[Black "Sandiford, Keron"]
[Result "1-0"]
[Board "299"]
[WhiteFideId "10502629"]
[BlackFideId "19701276"]
[WhiteElo "1931"]
[BlackElo "1755"]
[WhiteTeam "Brunei Darussalam"]
[BlackTeam "Guyana"]
[WhiteClock "0:52:02"]
[BlackClock "0:22:08"]
[Variant "Standard"]

1. d4 {[%clk 1:30:58]}  d5 {[%clk 1:30:55]} 2. c4 {[%clk 1:31:24]}  c6 {[%clk 1:31:17]} 3. Nf3 {[%clk 1:31:49]}  Nf6 {[%clk 1:31:36]} 4. Nc3 {[%clk 1:32:13]}  dxc4 {[%clk 1:30:50]} 5. a4 {[%clk 1:31:24]}  Bf5 {[%clk 1:30:34]} 6. e3 {[%clk 1:31:09]}  h6 {[%clk 1:30:25]} 7. Bxc4 {[%clk 1:31:32]}  e6 {[%clk 1:30:44]} 8. O-O {[%clk 1:31:43]}  Bd6 {[%clk 1:31:08]} 9. Re1 {[%clk 1:30:51]}  Ne4 {[%clk 1:26:39]} 10. Bd3 {[%clk 1:27:42]}  Nxc3 {[%clk 1:27:00]} 11. bxc3 {[%clk 1:28:06]}  Bxd3 {[%clk 1:27:21]} 12. Qxd3 {[%clk 1:28:34]}  O-O {[%clk 1:27:42]} 13. e4 {[%clk 1:28:42]}  c5 {[%clk 1:15:04]} 14. Be3 {[%clk 1:06:02]}  Qc7 {[%clk 1:00:15]} 15. Reb1 {[%clk 0:58:23]}  Nd7 {[%clk 0:54:23]} 16. e5 {[%clk 0:58:09]}  Be7 {[%clk 0:54:51]} 17. Qe4 {[%clk 0:58:09]}  Nb6 {[%clk 0:49:57]} 18. a5 {[%clk 0:50:33]}  Nd5 {[%clk 0:39:04]} 19. c4 {[%clk 0:49:34]}  Nb4 {[%clk 0:34:04]} 20. dxc5 {[%clk 0:48:58]}  Bxc5 {[%clk 0:31:12]} 21. Bxc5 {[%clk 0:49:18]}  Qxc5 {[%clk 0:31:37]} 22. Ra4 {[%clk 0:43:45]}  Nc6 {[%clk 0:25:27]} 23. Rb5 {[%clk 0:39:47]}  Qe7 {[%clk 0:25:36]} 24. a6 {[%clk 0:38:51]}  bxa6 {[%clk 0:21:39]} 25. Rxa6 {[%clk 0:38:09]}  Nb4 {[%clk 0:20:56]} 26. Ra4 {[%clk 0:37:57]}  a5 {[%clk 0:14:26]} 27. Rbxb4 {[%clk 0:34:33]}  Qxb4 {[%clk 0:12:57]} 28. Rxb4 {[%clk 0:34:54]}  axb4 {[%clk 0:13:24]} 29. g3 {[%clk 0:35:00]}  b3 {[%clk 0:11:43]} 30. Nd2 {[%clk 0:34:12]}  b2 {[%clk 0:11:51]} 31. Qc2 {[%clk 0:32:11]}  Rfb8 {[%clk 0:04:48]} 32. Nb1 {[%clk 0:31:01]}  Ra1 {[%clk 0:04:56]} 33. c5 {[%clk 0:30:50]}  Rb4 {[%clk 0:04:43]} 34. c6 {[%clk 0:25:22]}  Rxb1+ {[%clk 0:02:52]} 35. Qxb1 {[%clk 0:25:46]}  Rc4 {[%clk 0:03:15]} 36. Qxb2 {[%clk 0:26:01]}  Rxc6 {[%clk 0:03:21]} 37. Qb8+ {[%clk 0:24:56]}  Kh7 {[%clk 0:03:37]} 38. Qb7 {[%clk 0:24:46]}  Rc1+ {[%clk 0:02:48]} 39. Kg2 {[%clk 0:25:14]}  Kg8 {[%clk 0:01:23]} 40. h4 {[%clk 0:25:40]}  g6 {[%clk 0:01:11]} 41. Qb2 {[%clk 0:24:07]}  Rd1 {[%clk 0:00:40]} 42. g4 {[%clk 0:21:38]}  Rd5 {[%clk 0:30:25]} 43. h5 {[%clk 0:51:31]}  gxh5 {[%clk 0:29:30]} 44. gxh5 {[%clk 0:51:47]}  Rd8 {[%clk 0:29:32]} 45. f4 {[%clk 0:52:04]}  Re8 {[%clk 0:27:36]} 46. Kf3 {[%clk 0:52:06]}  Kh8 {[%clk 0:27:48]} 47. Qb5 {[%clk 0:51:58]}  Rg8 {[%clk 0:27:54]} 48. Qd7 {[%clk 0:52:17]}  Rg7 {[%clk 0:26:57]} 49. Qd8+ {[%clk 0:52:16]}  Kh7 {[%clk 0:26:59]} 50. Qf6 {[%clk 0:52:41]}  Kg8 {[%clk 0:22:31]} 51. Qxh6 {[%clk 0:52:34]}  Rh7 {[%clk 0:21:44]} 52. Qg5+ {[%clk 0:52:48]}  Rg7 {[%clk 0:21:41]} 53. Qd8+ {[%clk 0:52:28]}  Kh7 {[%clk 0:22:08]} 54. f5 {[%clk 0:52:02]} 1-0

[Event "45th FIDE Chess Olympiad Open"]
[Site "Budapest, Hungary"]
[Date "2024.09.21"]
[Round "10"]
[White "Pitamber, Sachin Dhilan"]
[Black "Akmal, Ahmad"]
[Result "1/2-1/2"]
[Board "300"]
[WhiteFideId "19702566"]
[BlackFideId "10503846"]
[WhiteElo "1715"]
[BlackElo "1830"]
[WhiteTeam "Guyana"]
[BlackTeam "Brunei Darussalam"]
[WhiteClock "0:33:04"]
[BlackClock "0:20:11"]
[Variant "Standard"]

1. d4 {[%clk 1:30:57]}  Nf6 {[%clk 1:30:52]} 2. c4 {[%clk 1:31:20]}  g6 {[%clk 1:30:49]} 3. Nc3 {[%clk 1:31:26]}  d5 {[%clk 1:30:32]} 4. Nf3 {[%clk 1:31:36]}  Bg7 {[%clk 1:30:51]} 5. cxd5 {[%clk 1:31:48]}  Nxd5 {[%clk 1:31:08]} 6. e4 {[%clk 1:32:11]}  Nxc3 {[%clk 1:31:31]} 7. bxc3 {[%clk 1:32:35]}  c5 {[%clk 1:31:44]} 8. Bb5+ {[%clk 1:30:37]}  Bd7 {[%clk 1:31:33]} 9. Bxd7+ {[%clk 1:30:57]}  Nxd7 {[%clk 1:31:42]} 10. O-O {[%clk 1:28:09]}  O-O {[%clk 1:29:37]} 11. Qb3 {[%clk 1:23:56]}  Qb6 {[%clk 1:25:05]} 12. Be3 {[%clk 1:21:56]}  Qxb3 {[%clk 1:21:55]} 13. axb3 {[%clk 1:22:13]}  b6 {[%clk 1:21:52]} 14. e5 {[%clk 1:15:28]}  Rfc8 {[%clk 1:17:43]} 15. Rac1 {[%clk 1:10:55]}  e6 {[%clk 1:09:09]} 16. Ng5 {[%clk 1:04:21]}  c4 {[%clk 0:59:14]} 17. b4 {[%clk 0:56:59]}  a5 {[%clk 0:54:22]} 18. Ne4 {[%clk 0:48:47]}  Bf8 {[%clk 0:50:38]} 19. bxa5 {[%clk 0:44:40]}  bxa5 {[%clk 0:50:33]} 20. Rb1 {[%clk 0:39:46]}  Rab8 {[%clk 0:41:45]} 21. f3 {[%clk 0:35:22]}  Rb3 {[%clk 0:33:36]} 22. Ra1 {[%clk 0:32:48]}  Ra8 {[%clk 0:31:08]} 23. Rf2 {[%clk 0:30:58]}  a4 {[%clk 0:19:09]} 24. Rfa2 {[%clk 0:31:14]}  Nb6 {[%clk 0:18:33]} 25. Kf2 {[%clk 0:30:10]}  a3 {[%clk 0:16:48]} 26. Ke2 {[%clk 0:27:45]}  Na4 {[%clk 0:13:49]} 27. Kd2 {[%clk 0:26:20]}  Rab8 {[%clk 0:12:54]} 28. Kc2 {[%clk 0:24:41]}  Nb2 {[%clk 0:10:11]} 29. Nf6+ {[%clk 0:17:55]}  Kg7 {[%clk 0:09:43]} 30. Nd7 {[%clk 0:18:11]}  Ra8 {[%clk 0:09:28]} 31. Nxf8 {[%clk 0:18:00]}  Kxf8 {[%clk 0:09:43]} 32. Bc1 {[%clk 0:17:50]}  Nd3 {[%clk 0:07:03]} 33. Rxa3 {[%clk 0:17:08]}  Raxa3 {[%clk 0:06:28]} 34. Bxa3+ {[%clk 0:16:35]}  Kg7 {[%clk 0:06:36]} 35. g3 {[%clk 0:12:43]}  f6 {[%clk 0:03:50]} 36. f4 {[%clk 0:12:59]}  g5 {[%clk 0:02:28]} 37. exf6+ {[%clk 0:08:27]}  Kxf6 {[%clk 0:02:41]} 38. fxg5+ {[%clk 0:08:51]}  Kxg5 {[%clk 0:03:02]} 39. h3 {[%clk 0:07:48]}  Kf5 {[%clk 0:02:02]} 40. Rf1+ {[%clk 0:06:58]}  Ke4 {[%clk 0:02:11]} 41. Bc1 {[%clk 0:06:43]}  Rb7 {[%clk 0:01:31]} 42. Rf8 {[%clk 0:04:36]}  Ra7 {[%clk 0:20:11]} 43. Bd2 {[%clk 0:33:04]} 1/2-1/2